| 000 | 01131cam a22003134a 4500 | ||
|---|---|---|---|
| 001 | 13697855 | ||
| 003 | OSt | ||
| 005 | 20230915145525.0 | ||
| 008 | 040825s2005 ilua 001 0 eng | ||
| 010 | _a 2004020075 | ||
| 020 | _a073605121X (soft cover) | ||
| 040 |
_aDLC _cDLC _dDLC |
||
| 042 | _apcc | ||
| 050 | 0 | 0 |
_aGV711.5 _b.S26 2005 |
| 082 | 0 | 0 |
_a613.711 _bSAN/S |
| 100 | 1 |
_aSandler, David _99486 |
|
| 245 | 1 | 0 |
_aSports power / _cDavid Sandler. |
| 246 | 1 |
_iSubtitle on cover: _aDevelop an optimal combination of size, speed, strength |
|
| 260 |
_aChampaign, IL : _bHuman Kinetics, _cc2005. |
||
| 300 |
_axi, 243 p. : _bill. ; _c25 cm. |
||
| 500 | _aIncludes index. | ||
| 650 | 0 |
_aAthletes _xTraining of. |
|
| 650 | 0 | _aPhysical education and training. | |
| 650 | 0 | _aMuscle strength. | |
| 856 | 4 | 1 |
_3Table of contents _uhttp://www.loc.gov/catdir/toc/ecip0422/2004020075.html |
| 906 |
_a7 _bcbc _corignew _d1 _eecip _f20 _gy-gencatlg |
||
| 942 |
_2ddc _cBK _h613.711 _iSAN/S _k613.711 _mSAN/S |
||
| 999 |
_c42476 _d42476 |
||